Word Ladder: Iditarod Quiz Stats

 Plays Quiz Updated Nov 17, 2016

Challenge
Share
Tweet
Embed
Score 0/24 Timer 02:00
2 Plays Today
Clue Answer % Correct
Golf pegsTEES
90.5%
Female deerDOES
89.3%
____ Ado About NothingMUCH
88.4%
What a sapling grows fromSEED
86.2%
Front of a clockFACE
84.1%
It's thrown on the bride and groom at some weddingsRICE
84.1%
Contest of speed, like the Iditarod•RACE•
83%
Lower digitsTOES
82.1%
Neighbor of Wisc.MICH.
80.1%
____ off (angry)TEED
79.9%
One of TV's FriendsROSS
79.5%
Well-to-doRICH
79%
Clue Answer % Correct
Got up for the dayROSE
75.9%
Word yelled during the Iditarod•MUSH•
74.6%
Big bad guy in a video gameBOSS
74.1%
Iditarod conveyance•SLED•
74.1%
Team that pulls the [first rung]•DOGS•
72.9%
SwampsBOGS
72.2%
Knighted woman, in the UKDAME
66.5%
RenownFAME
66.2%
Common feature of St. Paul's Cathedral and US CapitolDOME
64.4%
Bit of trickeryRUSE
54.7%
Erato or Thalia e.g.MUSE
50.3%
Where the Iditarod ends•NOME•
44.7%

Today's Daily Dose

Missing Word
Hayao Miyazaki

Word Ladder
Florida

On This Day
December 13th II

You're not logged in!

Compare scores with friends on all Sporcle quizzes.
OR
Log In

You Might Also Like...

Show Comments

Extras

Top Quizzes Today


Score Distribution

Your Account Isn't Verified!

In order to create a playlist on Sporcle, you need to verify the email address you used during registration. Go to your Sporcle Settings to finish the process.

Report this User

Report this user for behavior that violates our Community Guidelines.

Details: